[Event "DSOL 06 Liga Gr-D 1st"]
[Site "Playchess.com INT"]
[Date "2020.07.17"]
[Round "4.1"]
[White "Reiling, Percy"]
[Black "Edberg, Roger"]
[Result "1-0"]
[WhiteElo "1623"]
[BlackElo "1657"]
[PlyCount "69"]
[EventDate "2020.06.22"]
[EventType "team-tourn (rapid)"]
[EventCountry "GER"]
[SourceTitle "EXT 2021"]
[Source "ChessBase"]
[SourceDate "2020.10.23"]
[SourceVersion "1"]
[SourceVersionDate "2020.10.23"]
[SourceQuality "1"]
[WhiteTeam "Ersingen"]
[BlackTeam "Kreuzberg II"]
[WhiteTeamCountry "GER"]
[BlackTeamCountry "GER"]

1. d4 d5 2. c4 e6 3. Nf3 Nf6 4. g3 c6 5. Bg2 Be7 6. 0-0 0-0 7. b3 b6 8. Nc3 Bb7 9. e3 Re8 10. Bb2 Bf8 11. Ne5 Nbd7 12. f4 Rc8 13. Qe2 Ba6 14. Rac1 Bd6 15. Rfd1 Nf8 16. e4 Ng6 17. Nxg6 hxg6 18. e5 Bb8 19. exf6 Qd7 20. fxg7 Kxg7 21. Qc2 Rh8 22. Ne2 Rh7 23. a4 Rch8 24. h4 Bb7 25. b4 Rc8 26. c5 Qe7 27. Kf2 Ba6 28. Ng1 Rhh8 29. Nf3 Bb7 30. Re1 Qf6 31. Ne5 Qe7 32. b5 bxc5 33. dxc5 Bxe5 34. Rxe5 Rxh4 35. Rxe6+ 1-0